000 00470nam a22001457a 4500
003 macl
005 20160202173112.0
008 160202b xxu||||| |||| 00| 0 eng d
040 _cmacl
041 _aHindi
100 _aआर्य एस. पी
_936491
245 _aसामान्‍य अध्‍ययन
260 _aनई दिल्‍ली
_bप्रतियाेगिता साहित्‍य सीरीज
_c2000
942 _2ddc
_cHIN
999 _c52991
_d52991